| 000 | 00542nmm a2200181 ar4500 | ||
|---|---|---|---|
| 001 | 2513 | ||
| 005 | 20221127090456.0 | ||
| 007 | cz cuu|||a|uuu | ||
| 008 | 110323s ua ba eng d | ||
| 082 | 0 | 0 |
_a658.4013 _bAr11 2010? |
| 245 | 0 | 0 |
_aSix sigma _h[electronic resource]. |
| 260 |
_aCairo : _bARADO, _c[2010?]. |
||
| 300 |
_a1 CD-ROM ; _c4 3/4 in. |
||
| 500 | _aTitle from container. | ||
| 650 | 4 | _aSix sigma(Quality control standard). | |
| 650 | 4 | _aProduction control. | |
| 710 | 2 | _aArab Administrative Development Organization(Cairo). | |
| 999 |
_c2511 _d2511 |
||